00650nam a2200229 a 4500001001300000003000900013005001700022008004100039020002300080082001500103100001700118245001200135260004300147500003500190505001000225650002000235700001700255902000800272942000700280952011600287999001700403nice12345678IN_TiNIC20260116014008.0050524s2000 lona grp 000 0 eng  a0000400 c40400a338.9bKLE aKlein, Naomi aNo Logo aLondon bCollins Religious Pub. c2000 aincludes index and biblioraphy2 aIndex aEconomic Policy1 aKlein, Naomi bSRS cBK 001040708StackRoom-aHMIbHMId2007-05-01g404.00l0o338.9 KLEp020380r2019-09-20v404.00w2005-05-24yBK c13424d13424